| 000 | 00418nam a2200157Ia 4500 | ||
|---|---|---|---|
| 008 | 230718s9999 xx 000 0 und d | ||
| 041 | _aeng | ||
| 082 |
_a372.4 _bGUH |
||
| 100 |
_aGuha A. _9112398 |
||
| 245 | _aQuantitative Aptitude For Competitive Examinations | ||
| 250 | _a3rd ed. | ||
| 260 | _bTata Mc-graw Hill Pub. | ||
| 365 |
_cRs. _b265.00 |
||
| 700 |
_aGuha A. _9112398 |
||
| 906 |
_dB:294707-Feb-2007 _cOTH |
||
| 999 |
_c315980 _d315980 |
||